Стоик: роман; пер. с англ.

গ্রন্থ-পঞ্জীর বিবরন
প্রধান লেখক: Драйзер Т. Теодор
সংক্ষিপ্ত:В настоящее издание включен третий роман "Трилогии желания" выдающегося американского писателя Т. Драйзера "Стоик", который рисует мир капиталистических хищников США второй половины XIX века.
ভাষা:রুশ
প্রকাশিত: Москва, Правда, 1981
মালা:Библиотека зарубежной классики
বিষয়গুলি:
বিন্যাস: গ্রন্থ
KOHA link:https://koha.lib.tpu.ru/cgi-bin/koha/opac-detail.pl?biblionumber=344280

MARC

LEADER 00000nam0a2200000 4500
001 344280
005 20231102005639.0
035 |a (RuTPU)RU\TPU\book\375611 
035 |a RU\TPU\book\253621 
090 |a 344280 
100 |a 20200121d1981 m y0rusy50 ca 
101 1 |a rus  |c eng 
102 |a RU 
105 |a a z 001ay 
200 1 |a Стоик  |e роман  |e пер. с англ.  |f Т. Драйзер 
210 |a Москва  |c Правда  |d 1981 
215 |a 384 с. 
225 1 |a Библиотека зарубежной классики 
320 |a Историко-литературная справка с.: 382-383 
330 |a В настоящее издание включен третий роман "Трилогии желания" выдающегося американского писателя Т. Драйзера "Стоик", который рисует мир капиталистических хищников США второй половины XIX века. 
488 1 |0 (RuTPU)RU\TPU\book\115706  |y 978-5-699 -37561-5  |t Титан  |o пер. с англ.  |o роман  |f Т. Драйзер  |c Москва  |n Эксмо  |d 2011  |p 640 с. 
488 1 |0 (RuTPU)RU\TPU\book\253624  |y 978-5-699 -34667-7  |t Финансист  |o пер. с англ.  |o роман  |f Т. Драйзер  |c Москва  |n Эксмо  |d 2012  |p 608 с.  |s Зарубежная классика  |a Драйзер, Теодор 
606 1 |a Американская литература (англо-язычная литература)  |2 stltpush  |3 (RuTPU)RU\TPU\subj\28887  |9 52349 
610 1 |a проза 
610 1 |a романы 
675 |a 82  |v 3 
700 1 |a Драйзер  |b Т.  |c американский писатель и общественный деятель  |f 1871-1945  |g Теодор  |2 stltpush  |3 (RuTPU)RU\TPU\pers\37031 
801 1 |a RU  |b 63413507  |c 20051004  |g PSBO 
801 2 |a RU  |b 63413507  |c 20200205  |g PSBO 
942 |c BK